Normal view MARC view

Entry Personal Name

Number of records used in: 1

001 - CONTROL NUMBER

  • control field: 44677

003 - CONTROL NUMBER IDENTIFIER

  • control field:

005 - DATE AND TIME OF LATEST TRANSACTION

  • control field: 20240425135402.0

008 - FIXED-LENGTH DATA ELEMENTS

  • fixed length control field: 240425|| aca||aabn | a|a d

040 ## - CATALOGING SOURCE

  • Original cataloging agency:
  • Transcribing agency:

100 ## - HEADING--PERSONAL NAME

  • Personal name: GIRAUDOUX Jean
  • Dates associated with a name: 1832-1944

670 ## - SOURCE DATA FOUND

  • Source citation: Work cat.: ()23228: GIRAUDOUX Jean 1832-1944 aut, Electre, piece en deux actes /, 1937

National Library of Nigeria OPAC is powered by Koha